Największe miasta w Polsce na literę G - Statystyki

Ogólne statystyki
  • Ten quiz został rozwiązany 12 721 razy
  • Średni wynik to 6 z 10
Statystyki odpowiedzi
Rank. Liczba mieszańców Województwo Miasto % Poprawnych
1. 470.907 pomorskie Gdańsk
99%
2. 246.348 pomorskie Gdynia
98%
4. 123.609 lubuskie Gorzów Wielkopolski
84%
3. 178.603 śląskie Gliwice
72%
6. 68.217 wielkopolskie Gniezno
65%
5. 94.368 kujawsko-pomorskie Grudziądz
62%
7. 66.980 dolnośląskie Głogów
48%
9. 29.307 warmińsko-mazurskie Giżycko
41%
8. 32.125 mazowieckie Grodzisk Mazowiecki
32%
10. 27.357 małopolskie Gorlice
26%
Nie znaleziono quizów pasujących do podanych kryteriów
Rozkład punktacji
Procent ludzi z każdym wynikiem
Percentyl według liczby udzielonych odpowiedzi
Twoja historia wyników
Nie rozwiązałeś tego quizu